Loading...
| History - European | 0 | 5 | 1 | 0 | 45 | 73 | 109.20 | 0 | 2 | 6.71 | 18.18 |
| Literature - World | 0 | 4 | 0 | 1 | 40 | 65 | 107.25 | 0 | 2 | 8.39 | 20.45 |
| Literature - British | 0 | 4 | 0 | 0 | 40 | 52 | 82.50 | 0 | 1 | 14.02 | 18.18 |
| Religion | 0 | 5 | 2 | 3 | 40 | 96 | 105.00 | 0 | 0 | 2.45 | 10.23 |
| Literature - European | 0 | 3 | 0 | 1 | 30 | 84 | 118.67 | 0 | 1 | 4.38 | 13.64 |
| Fine Arts - Other | 0 | 3 | 0 | 0 | 30 | 102 | 114.67 | 0 | 1 | 4.50 | 11.36 |
| Fine Arts - Painting and Sculpture | 0 | 3 | 0 | 0 | 30 | 75 | 82.33 | 0 | 2 | 8.67 | 13.64 |
| Mythology | 0 | 2 | 0 | 0 | 20 | 93 | 109.50 | 0 | 1 | 3.46 | 9.09 |
| Philosophy | 0 | 2 | 0 | 0 | 20 | 104 | 110.50 | 0 | 0 | 2.01 | 4.55 |
| History - Other | 0 | 2 | 0 | 0 | 20 | 72 | 80.50 | 0 | 2 | 6.65 | 11.36 |
| Social Science | 0 | 2 | 1 | 1 | 15 | 73 | 84.00 | 0 | 1 | 3.47 | 9.09 |
| Science - Physics | 0 | 2 | 1 | 0 | 15 | 83 | 98.00 | 0 | 1 | 3.27 | 10.23 |
| Science - Other | 0 | 1 | 0 | 1 | 10 | 114 | 114.00 | 0 | 0 | 0.00 | 1.14 |
| Other Academic | 0 | 1 | 0 | 0 | 10 | 84 | 84.00 | 0 | 1 | 9.40 | 25.00 |
| Popular Culture | 0 | 1 | 0 | 0 | 10 | 57 | 57.00 | 1 | 1 | 20.05 | 29.17 |
| History - American | 0 | 1 | 0 | 0 | 10 | 108 | 108.00 | 0 | 0 | 1.24 | 1.14 |
| Fine Arts - Classical Music | 0 | 1 | 0 | 1 | 10 | 111 | 111.00 | 0 | 0 | 0.08 | 2.27 |
| Literature - American | 0 | 1 | 1 | 0 | 5 | 109 | 109.00 | 0 | 0 | 2.48 | 5.68 |
| Science - Biology | 0 | 0 | 1 | 0 | -5 | 0.00 | 0 | 0 | 0.00 | 0.00 | |
| History - World | 0 | 0 | 1 | 0 | -5 | 0.00 | 0 | 0 | 0.00 | 0.00 |